Organizovanie

Saved in:
Bibliographic Details
Main Author: Thomasová, Elena
Corporate Author: Ekonomická univerzita v Bratislave. Fakulta podnikového manažmentu
Other Authors: Malý, Milan, Papulová, Emília
Format: Book
Language:Slovak
Published: Bratislava Vydavateľstvo EKONÓM 2010
Edition:2. preprac. a dopl. vyd.
Subjects:
Tags: Add Tag
No Tags, Be the first to tag this record!

MARC

LEADER 00000nam$a2200000$$$4500
001 0112680
005 20240502072243.1
020 |a 978-80-225-2914-3 
041 0 |a slo 
044 |a SK 
245 1 0 |a Organizovanie  |c Elena Thomasová 
250 |a 2. preprac. a dopl. vyd. 
264 1 |a Bratislava  |b Vydavateľstvo EKONÓM  |c 2010 
300 |a 284 s. [17,515 AH] 
610 2 0 |a organizácia podniku 
610 2 0 |a štruktúra organizačná 
610 2 0 |a rozhodovanie podnikové 
610 2 0 |a rozhodovanie manažérske 
610 2 0 |a rozhodovanie strategické 
610 2 0 |a normy organizačné 
610 2 0 |a projekty organizačné 
610 2 0 |a fúzie 
610 2 0 |a zmeny organizačné 
610 2 0 |a manažéri 
610 2 0 |a manažment času 
100 1 |a Thomasová, Elena 
700 1 |a Malý, Milan 
700 1 |a Papulová, Emília 
710 2 |a Ekonomická univerzita v Bratislave. Fakulta podnikového manažmentu